Report of the FAO/WorldFish Center Workshop on Interdisciplinary Approaches to the Assessment of Small-Scale Fisheries : Rome, 20-22 September 2005
The Workshop was organized jointly by the WorldFish Center and FAO through its FishCode Program, as a first step in developing a collaborative project towards capacity-building for small-scale fisheries assessment in developing countries. The Workshop addressed three main tasks through plenary and w...
Guardat en:
| Format: | Llibre |
|---|---|
| Idioma: | Undetermined |
| Publicat: |
Rome
Food and Agirculture Organization of the United Nations
2005
|
| Matèries: | |
| Etiquetes: |
Afegir etiqueta
Sense etiquetes, Sigues el primer a etiquetar aquest registre!
|
| Thư viện lưu trữ: | Trung tâm Học liệu Trường Đại học Cần Thơ |
|---|
| LEADER | 01355nam a2200193Ia 4500 | ||
|---|---|---|---|
| 001 | CTU_190204 | ||
| 008 | 210402s9999 xx 000 0 und d | ||
| 082 | |a 639 | ||
| 082 | |b F686 | ||
| 245 | 0 | |a Report of the FAO/WorldFish Center Workshop on Interdisciplinary Approaches to the Assessment of Small-Scale Fisheries : | |
| 245 | 0 | |b Rome, 20-22 September 2005 | |
| 245 | 0 | |c Food and Agriculture Organization of the United Nations, WorldFish Center | |
| 260 | |a Rome | ||
| 260 | |b Food and Agirculture Organization of the United Nations | ||
| 260 | |c 2005 | ||
| 520 | |a The Workshop was organized jointly by the WorldFish Center and FAO through its FishCode Program, as a first step in developing a collaborative project towards capacity-building for small-scale fisheries assessment in developing countries. The Workshop addressed three main tasks through plenary and working group sessions: preliminary development of a framework for interdisciplinary assessment of small-scale fisheries; identification of appropriate approaches, methods and research needs to help fill small-scale fisheries information gaps; and review of an outline implementation strategy for a collaborative project on small-scale fisheries. | ||
| 650 | |a Fishery management,Quản lý nghề cá | ||
| 904 | |i Giang | ||
| 980 | |a Trung tâm Học liệu Trường Đại học Cần Thơ | ||